Procesos del aprendizaje infantil
Saved in:
| Main Authors: | , , , , , , , |
|---|---|
| Format: | Book |
| Language: | Spanish |
| Published: |
Buenos Aires
Paidós
1965
|
| Series: | Biblioteca del Educador Contemporáneo, 14
|
| Subjects: | |
| Tags: |
Add Tag
No Tags, Be the first to tag this record!
|
MARC
| LEADER | 00000nam a2200000 a 4500 | ||
|---|---|---|---|
| 001 | UCU0544 | ||
| 003 | CL-VaPUC | ||
| 008 | 960322e19650000AG |||||||||||||||||spa|d | ||
| 082 | 0 | 4 | |a 370.156 |b CAL |2 21 |
| 100 | 0 | |a Calvin, Allen D |e author |9 355819 | |
| 700 | |a Hurlock, Elizabeth B |e author |9 530926 | ||
| 700 | 0 | |a Strang, Ruth May |e author |9 355821 | |
| 700 | |a Gates, Arthur I |e author |9 356636 | ||
| 700 | 0 | |a Vinacke, W. Edgar |e author |9 355823 | |
| 700 | 0 | |a Olmstead, Joseph A |e author |9 355824 | |
| 700 | 0 | |a Blake, Robert Rogers |e author |9 355825 | |
| 700 | 0 | |a Humphreys, Lloyd G |e author |9 355826 | |
| 245 | 1 | 0 | |a Procesos del aprendizaje infantil |
| 300 | |a 79 p | ||
| 942 | |c BK | ||
| 945 | |d 19960322 00:00:00 |a lriquelm | ||
| 260 | |a Buenos Aires |b Paidós |c 1965 | ||
| 650 | 0 | |a Aprendizaje |9 254827 | |
| 650 | 0 | |a Psicología del niño |9 307305 | |
| 650 | 0 | |a Procesos de aprendizaje |9 309161 | |
| 650 | 0 | |a Psicología del desarrollo |9 307541 | |
| 650 | 0 | |a Métodos de enseñanza |9 270413 | |
| 650 | 7 | |a ESTIMULO |2 CL-VaPUC |9 334622 | |
| 650 | 0 | |a Procesos mentales superiores |9 330839 | |
| 583 | |a last modification |c 20140410 11:12:41 |k Rodrigo Vera | ||
| 490 | 0 | |a Biblioteca del Educador Contemporáneo, 14 | |
| 999 | |c 245385 |d 245383 | ||
| 952 | |0 0 |1 0 |4 0 |6 370_156000000000000_CAL_1965 |7 0 |8 P |9 259877 |a BIBEDU |b BIBEDU |c BIBEDU_PB |d 2019-11-19 |i 1637908 |o 370.156 CAL 1965 |p 1637908 |r 2024-01-25 |w 2019-11-19 |y BK |k EDU | ||
| 952 | |0 0 |1 0 |4 0 |6 370_156000000000000_CAL_1965 |7 0 |8 P |9 259878 |a BIBEDU |b BIBEDU |c BIBEDU_PB |d 2019-11-19 |i 1637932 |o 370.156 CAL 1965 |p 1637932 |r 2024-01-25 |w 2019-11-19 |y BK |k EDU | ||
| 952 | |0 0 |1 0 |4 0 |6 370_156000000000000_CAL_1965 |7 0 |8 P |9 259879 |a BIBEDU |b BIBEDU |c BIBEDU_PB |d 2019-11-19 |i 4677889 |o 370.156 CAL 1965 |p 4677889 |r 2024-01-25 |w 2019-11-19 |y BK |k PAR | ||